<?xml version="1.0" encoding="UTF-8"?>
<record
    xmlns:xsi="http://www.w3.org/2001/XMLSchema-instance"
    xsi:schemaLocation="http://www.loc.gov/MARC21/slim http://www.loc.gov/standards/marcxml/schema/MARC21slim.xsd"
    xmlns="http://www.loc.gov/MARC21/slim">

  <leader>02097cam a2200289 i 4500</leader>
  <controlfield tag="003">DO-SdBNP</controlfield>
  <controlfield tag="005">20240625154247.0</controlfield>
  <controlfield tag="007">ta</controlfield>
  <controlfield tag="008">240625s2009    sp ao         001 f spa d</controlfield>
  <datafield tag="020" ind1=" " ind2=" ">
    <subfield code="a">9788496840447</subfield>
  </datafield>
  <datafield tag="040" ind1=" " ind2=" ">
    <subfield code="a">DO-SdBNP</subfield>
    <subfield code="c">spa</subfield>
    <subfield code="d">BNPHU </subfield>
    <subfield code="e">rda</subfield>
  </datafield>
  <datafield tag="082" ind1=" " ind2=" ">
    <subfield code="b">Z39</subfield>
    <subfield code="2">22</subfield>
  </datafield>
  <datafield tag="100" ind1=" " ind2=" ">
    <subfield code="a">Zavala, Jos&#xE9; Mar&#xED;a</subfield>
    <subfield code="d">1962-</subfield>
    <subfield code="e">autor</subfield>
    <subfield code="9">85809</subfield>
  </datafield>
  <datafield tag="245" ind1="1" ind2="3">
    <subfield code="a">Franco, el republicano :</subfield>
    <subfield code="b">la vida secreta de Ram&#xF3;n Franco, el hermano maldito del caudillo /</subfield>
    <subfield code="c">Jos&#xE9; Mar&#xED;a Zavala</subfield>
  </datafield>
  <datafield tag="264" ind1=" " ind2="1">
    <subfield code="a">Barcelona, Espa&#xF1;a :</subfield>
    <subfield code="b">Altera, </subfield>
    <subfield code="c">2009.</subfield>
  </datafield>
  <datafield tag="300" ind1=" " ind2=" ">
    <subfield code="a">367 p&#xE1;ginas</subfield>
    <subfield code="b">ilustraciones, fotograf&#xED;as</subfield>
    <subfield code="c">24 cm.</subfield>
  </datafield>
  <datafield tag="336" ind1=" " ind2=" ">
    <subfield code="2">rdacontent</subfield>
    <subfield code="a">texto</subfield>
    <subfield code="b">txt</subfield>
  </datafield>
  <datafield tag="337" ind1=" " ind2=" ">
    <subfield code="2">rdamedia</subfield>
    <subfield code="a">sin mediaci&#xF3;n</subfield>
    <subfield code="b">n</subfield>
  </datafield>
  <datafield tag="338" ind1=" " ind2=" ">
    <subfield code="2">rdacarrier</subfield>
    <subfield code="a">volumen</subfield>
    <subfield code="b">nc</subfield>
  </datafield>
  <datafield tag="500" ind1=" " ind2=" ">
    <subfield code="a">Incluye datos biograf&#xED;cos de la autora en la solapa de la portada.</subfield>
  </datafield>
  <datafield tag="500" ind1=" " ind2=" ">
    <subfield code="a">Incluye &#xED;ndice onom&#xE1;stico.</subfield>
  </datafield>
  <datafield tag="504" ind1=" " ind2=" ">
    <subfield code="a">Bibliograf&#xED;a p: 353-357.</subfield>
  </datafield>
  <datafield tag="520" ind1=" " ind2=" ">
    <subfield code="a">Ram&#xF3;n Franco, nacido cuatro a&#xF1;os despu&#xE9;s que su hermano Francisco, tambi&#xE9;n ingres&#xF3; en el Ej&#xE9;rcito y fue destinado a Marruecos. En 1920, sus caminos se separan: Ram&#xF3;n se convierte en piloto militar. Mientras Francisco se hace conocido para los espa&#xF1;oles gracias a sus victorias militares y su jefatura de la Legi&#xF3;n, Ram&#xF3;n realiza otras proezas: en 1926, junto con otros tres militares, cubri&#xF3; en el hidroavi&#xF3;n Plus Ultra los m&#xE1;s de 10.000 kil&#xF3;metros que separaban Palos de la Frontera de Buenos Aires.

A partir de entonces, Ram&#xF3;n entra en un torbellino pol&#xED;tico y se une a las conspiraciones contra Alfonso XIII. En diciembre de 1930, a la vez que en Jaca se subleva la guarnici&#xF3;n, &#xE9;l subleva el aer&#xF3;dromo de Cuatro Vientos y se dirige a bombardear el Palacio Real. Ante el fracaso del golpe, huye al extranjero. Al proclamarse la Rep&#xFA;blica, es elegido diputado en las listas de Esquerra Republicana de Catalunya.

Cuando estalla la guerra, se une a las fuerzas que manda su hermano. Muere en 1938, en una misi&#xF3;n de bombardeo cuando se estrella su avi&#xF3;n. &#xBF;Accidente?, &#xBF;venganza mas&#xF3;nica?</subfield>
  </datafield>
  <datafield tag="590" ind1=" " ind2=" ">
    <subfield code="a">Inventariado, 2024/ YL</subfield>
  </datafield>
  <datafield tag="910" ind1=" " ind2=" ">
    <subfield code="a">YLockward</subfield>
  </datafield>
  <datafield tag="942" ind1=" " ind2=" ">
    <subfield code="2">ddc</subfield>
    <subfield code="c">LBS1</subfield>
  </datafield>
  <datafield tag="952" ind1=" " ind2=" ">
    <subfield code="0">0</subfield>
    <subfield code="1">0</subfield>
    <subfield code="2">ddc</subfield>
    <subfield code="5">6</subfield>
    <subfield code="7">0</subfield>
    <subfield code="8">GR</subfield>
    <subfield code="a">BNPHU</subfield>
    <subfield code="b">BNPHU</subfield>
    <subfield code="c">CT</subfield>
    <subfield code="d">2019-08-20</subfield>
    <subfield code="e">Donaci&#xF3;n </subfield>
    <subfield code="l">0</subfield>
    <subfield code="o">Z39</subfield>
    <subfield code="p">2024-3729</subfield>
    <subfield code="r">2024-06-25</subfield>
    <subfield code="w">2024-06-25</subfield>
    <subfield code="y">LBS1</subfield>
  </datafield>
  <datafield tag="999" ind1=" " ind2=" ">
    <subfield code="c">56987</subfield>
    <subfield code="d">56987</subfield>
  </datafield>
</record>
